=LDR 00000nam 2200000 4500 =001 INLIS000000000042001 =005 20130612151513 =008 ***********************************ind** =035 ##$$0010-061300000042001 =041 ##$$a ind =082 ##$$a 540. 7 =090 ##$$a 540.7, Kim k =245 ##$$a Kimia untuk SMA dan MA kelas x/, Budi utami...[Et al];Editor, Caecilia citra dewi =260 ##$$a 2009 $b Jakarta =300 ##$$a ...Jil., 25 cm =650 ##$$a KIMIA - STUDI DAN PENGAJARAN =700 ##$$a Budi utami =850 ##$$a NBPNMAT